000 01360cam a2200289 a 4500
999 _c892
_d892
001 .b26432742
003 OCoLC
005 20191226082731.0
008 070321s2007 nyuabf 000 1 eng d
020 _a0142409413 (pbk.)
020 _a9780142409411 (pbk.)
035 _a(OCoLC)148994733
040 _aBTCTA
_cBTCTA
_dBAKER
_dIHI
_dAU@
_dOZA
_dNTNU
042 _anbic
082 _aFIC BED
100 1 _aBeddor, Frank.
_eauthor
245 1 4 _aThe Looking Glass Wars /
_cby Frank Beddor.
260 _aNew York, N.Y. :
_bSpeak,
_c2007.
300 _a358, 12 p., [8] p. of plates :
_bill. (some col.), map ;
_c21 cm.
500 _aFirst published in the U.S. by Dial Books, 2006.
500 _aIncludes a time line and preview of Seeing Redd!, the second book in the Looking Glass Wars trilogy.
520 _aWhen her evil aunt Redd kills her parents and seizes the throne, young Alyss Heart is forced to flee Wonderland through the Pool of Tears. She finds herself living in Victorian Oxford as Alice Liddell and struggles to keep memories of her kingdom intact until she can return and claim her rightful throne.
600 1 0 _aHargreaves, Alice Pleasance Liddell,
_d1852-1934
_vJuvenile fiction.
650 0 _aCharacters and characteristics in literature
_vJuvenile fiction.
650 0 _aInheritance and succession
_vJuvenile fiction.
942 _2ddc
_cFIC